| 000 | 00602nam a2200241 a 4500 | ||
|---|---|---|---|
| 001 | nice12345678 | ||
| 003 | IN_TiNIC | ||
| 005 | 20260116012610.0 | ||
| 008 | 050524s1969 lona grp 000 0 eng | ||
| 020 |
_a _c93.8 |
||
| 082 | 0 | 0 |
_a231 _bJEN |
| 100 | _aJenkins, David E | ||
| 245 |
_aLiving With Questions _b Investigations into the Theory and Practice of Belie |
||
| 260 |
_aLondon _bSCM Press _c1969 |
||
| 300 | _a242p | ||
| 500 | _aincludes index and biblioraphy | ||
| 505 | 2 | _aIndex | |
| 650 | _aGod | ||
| 700 | 1 | _aJenkins, David E | |
| 902 | _bSRS | ||
| 942 | _cBK | ||
| 999 |
_c7609 _d7609 |
||